Loading...
| Current Events | 1 | 10.00 | 100% | 0% | 0% |
| Fine Arts - Classical Music | 6 | 13.33 | 100% | 33% | 0% |
| Fine Arts - Other Fine Arts | 1 | 20.00 | 100% | 100% | 0% |
| Fine Arts - Painting and Sculpture | 2 | 10.00 | 50% | 50% | 0% |
| Geography | 2 | 0.00 | 0% | 0% | 0% |
| History - American History | 7 | 10.00 | 71% | 29% | 0% |
| History - European History | 4 | 10.00 | 50% | 25% | 25% |
| History - Other History | 5 | 8.00 | 80% | 0% | 0% |
| History - World History | 5 | 8.00 | 80% | 0% | 0% |
| Literature - American Literature | 2 | 10.00 | 50% | 50% | 0% |
| Literature - British Literature | 6 | 13.33 | 83% | 50% | 0% |
| Literature - European Literature | 4 | 7.50 | 75% | 0% | 0% |
| Literature - World Literature | 5 | 14.00 | 80% | 60% | 0% |
| Mythology | 4 | 10.00 | 100% | 0% | 0% |
| Other Academic | 1 | 20.00 | 100% | 100% | 0% |
| Philosophy | 3 | 13.33 | 100% | 33% | 0% |
| Pop Culture | 1 | 10.00 | 100% | 0% | 0% |
| Religion | 4 | 12.50 | 100% | 25% | 0% |
| Science - Biology | 4 | 12.50 | 75% | 50% | 0% |
| Science - Chemistry | 7 | 12.86 | 100% | 29% | 0% |
| Science - Other Science | 2 | 10.00 | 100% | 0% | 0% |
| Social Science | 5 | 12.00 | 100% | 20% | 0% |